| 000 | 00646cam a2200253 4500 | ||
|---|---|---|---|
| 001 | B1065 | ||
| 008 | 090401t1985 xxu||||| |||| 00| 0 eng d | ||
| 035 | _a(Sirsi) u42408 | ||
| 041 | _aeng | ||
| 050 | _a333.330973 | ||
| 110 |
_aColdwell Banker _91933 |
||
| 245 | _a1985 United States real estates forecast | ||
| 260 |
_aLos Angeles, CA _bColdwell Banker _c1985 |
||
| 300 | _a35p. : ill. ; 30cm. | ||
| 350 | _a0 | ||
| 650 | _aINDUSTRIAL PROPERTY | ||
| 650 | _aINVESTMENT | ||
| 650 | _aOFFICES | ||
| 650 |
_aRESIDENTIAL PROPERTY _96266 |
||
| 650 | _aSHOPS | ||
| 650 | _aUNITED STATES OF AMERICA | ||
| 942 | _n0 | ||
| 948 | _c04/03/1997 | ||
| 999 |
_c91103 _d91103 |
||